Sports Quiz

Random Sports or World Quiz
Score 0/13 Timer 02:00
0 Plays Today
Group Team % Correct
2Brazil
98%
3Uruguay
97.8%
1Argentina
97.1%
4United States
94.3%
1France
88.8%
1Mexico
84.1%
1Chile
82.7%
4Paraguay
77.4%
3Peru
75.6%
2Bolivia
65.6%
2Yugoslavia
54.8%
4Belgium
48.1%
3Romania
42.6%
Come Together.
Have Fun.
All Virtual.
We all need to come together. Play Sporcle's virtual live trivia to have fun, connect with people, and get your trivia on. Join a live hosted trivia game for your favorite pub trivia experience done virtually. If a virtual private party is more your thing, go here for details.

You're not logged in!

Compare scores with friends on all Sporcle quizzes.
OR
Log In

Sporcle TV

Today on Sporcle TV


Watch our educational content, quiz creation guides, and fun videos on Sporcle TV.

Show Comments

Extras

Top Quizzes Today


Score Distribution

Paid Content

Your Account Isn't Verified!

In order to create a playlist on Sporcle, you need to verify the email address you used during registration. Go to your Sporcle Settings to finish the process.

Report this User

Report this user for behavior that violates our Community Guidelines.

Details: